Meal planning for people with kidney disease /

Bibliographic Details
Other Authors: St. Jeor, Sachiko
Format: Book
Language:English
Published: Salt Lake City : University of Utah Press, 1978.
Subjects:

MARC

Tag First Indicator Second Indicator Subfields
LEADER 00000cam a2200000 i 4500
001 in00000042324
005 20151007072645.0
008 800130s1978 utua 00000 eng
010 |a  77072580  
020 |a 0874801184 
035 |a (OCoLC)04879811 
035 |9 AAE8310AM 
040 |a DLC  |c DLC  |d TXA  |d UtOrBLW 
049 |a TXAM  |c [1383452] 
050 0 0 |a RC903  |b .M42 
082 0 |a 616.6/10654 
245 0 0 |a Meal planning for people with kidney disease /  |c Sachiko St. Jeor [and others]. 
264 1 |a Salt Lake City :  |b University of Utah Press,  |c 1978. 
300 |a xi, 49 pages :  |b illustrations ;  |c 24 cm. 
336 |a text  |b txt  |2 rdacontent 
337 |a unmediated  |b n  |2 rdamedia 
338 |a volume  |b nc  |2 rdacarrier 
650 0 |a Kidneys  |x Diseases  |x Diet therapy. 
700 1 |a St. Jeor, Sachiko. 
999 |a MARS 
999 f f |s a1e950a5-2cd7-3d88-ab9c-e4e9d0ed6846  |i 4db2a3f3-73fa-30d3-a408-b8e5125d3b19  |t 0 
952 f f |p normal  |a Texas A&M University  |b College Station  |c Sterling C. Evans Library  |d Evans: Library Stacks  |t 0  |e RC903 .M42  |h Library of Congress classification  |i unmediated -- volume  |m A14805129589 
998 f f |a RC903 .M42  |t 0  |l Evans: Library Stacks